000 00391nam a2200145Ia 4500
008 230917s9999||||xx |||||||||||||| ||und||
040 _e209023
_aMAIN
041 _aEnglish
082 _a515.33 M896D
100 _aMukherjea, Kalyan
245 0 _aDifferential Calculus in Normed Linear Spaces
260 _aNew Delhi
_bHindustan Book Agency
_c2003
300 _axvii, 285 p.
942 _cBK
999 _c167679
_d167679